Pokémon that Start and End with the Same Letter - Statistics

General Stats
  • This quiz has been taken 25 times
  • The average score is 14 of 39
Answer Stats
Generation Answer % Correct
II Girafarig
95%
IX Farigiraf
84%
I Abra
79%
I Eevee
74%
V Alomomola
63%
II Ho-oh
63%
VII Oricorio
63%
V Krokorok
53%
VI Amaura
47%
IV Piplup
47%
IV Prinplup
47%
IX Rellor
47%
III Electrike
42%
I Electrode
42%
V Electivire
37%
VIII Morgrem
37%
IV Rhyperior
37%
VI Trevenant
37%
VI Tyrunt
37%
VIII Arrokuda
32%
III Altaria
26%
IX Arboliva
26%
VIII Eiscue
26%
I Exeggcute
26%
V Klink
26%
II Meganium
26%
V Solosis
26%
III Grumpig
21%
III Medicham
21%
IV Mothim
21%
I Nidoqueen
21%
IV Shellos
21%
VI Noivern
16%
VI Phantump
16%
IX Sandy Shocks
16%
VIII Urshifu
16%
II Delibird
11%
IX Spidops
11%
VII Torracat
5%
No matching quizzes found
Score Distribution
Percent of People with Each Score
Percentile by Number Answered
Your Score History
You have not taken this quiz